| 000 | 00706nam a22002057a 4500 | ||
|---|---|---|---|
| 999 |
_c10603 _d10603 |
||
| 003 | AR-CdUCM | ||
| 008 | 190401b ||||| |||| 00| 0 spa d | ||
| 040 |
_aMUNICIPALIDAD PROVINCIAL DEL CUSCO _cBIBLIOTECA MUNICIPAL DEL CUSCO |
||
| 082 |
_a961 / _bA88 / 1908 |
||
| 100 |
_aAubín, Eugenio _927561 |
||
| 245 |
_aMarruecos : _bEn nuestros días / |
||
| 260 |
_aBarcelona . _bMontaner y simón, _c1908. |
||
| 300 |
_a364 paginas ; _c24 cm. |
||
| 505 | _aContenido : Prefacio -- Vocabulario árabe -- Mogador -- De mogador a saffi -- Abdas -- Marrakex ... | ||
| 650 |
_aDescripción histórica _927562 |
||
| 650 |
_aCostumbres _9230 |
||
| 650 |
_aPolítica _9291 |
||
| 942 |
_2ddc _cLIBROS |
||
| 945 | _arah | ||